006180000a2200181000450024501310000050000230013165000180015465000090017265000190018165000230020065000320022365100370025565300130029265300160030504100130032110000180033477300840035210aOn a collection of birds from the vicinity of Bogotá with a review of the South American species of Speotyto and Troglodytes a14aOrnitología14aAves14aListas de aves14aTaxonomía animal14aDistribución geográfica 4mBogotádCundinamarcapColombia gSpeotyto gTroglodytes0 aInglés1 aStone, Witmer1 tProceedings of the Academy of Natural Sciences Philadelphia3123q302-313d1899